[Event "George Trundle Reserves 2016"]
[Site "Auckland"]
[Date "2016.07.14"]
[Round "6.1"]
[White "Hair, Philip I"]
[Black "Yan, Caroline"]
[Result "0-1"]
[LiveChessVersion "1.4.8"]
[BlackElo "1743"]
[WhiteElo "1907"]

1. e4 {[%clk 1:30:53]} e6 {[%clk 1:30:55]} 2. Qe2 {[%clk 1:31:18]} c5
{[%clk 1:31:17]} 3. g3 {[%clk 1:31:42]} Nc6 {[%clk 1:31:36]} 4. Nf3
{[%clk 1:32:06]} g6 {[%clk 1:31:44]} 5. Bg2 {[%clk 1:32:32]} Bg7 {[%clk 1:32:03]}
6. O-O {[%clk 1:32:54]} Nge7 {[%clk 1:32:26]} 7. d3 {[%clk 1:33:16]} O-O
{[%clk 1:32:45]} 8. c3 {[%clk 1:33:36]} b6 {[%clk 1:33:04]} 9. Nbd2
{[%clk 1:27:59]} Ba6 {[%clk 1:23:51]} 10. Re1 {[%clk 1:26:27]} d6
{[%clk 1:20:37]} 11. Nf1 {[%clk 1:15:47]} Re8 {[%clk 1:15:03]} 12. h4
{[%clk 1:09:59]} b5 {[%clk 1:03:53]} 13. Qc2 {[%clk 1:00:48]} b4 {[%clk 0:58:53]}
14. c4 {[%clk 0:53:12]} Qd7 {[%clk 0:43:28]} 15. Be3 {[%clk 0:50:20]} Bb7
{[%clk 0:42:27]} 16. g4 {[%clk 0:26:50]} f5 {[%clk 0:36:45]} 17. gxf5
{[%clk 0:27:03]} exf5 {[%clk 0:36:53]} 18. Ng3 {[%clk 0:26:56]} Rf8
{[%clk 0:35:29]} 19. Bh3 {[%clk 0:22:09]} Ne5 {[%clk 0:26:48]} 20. Nxe5
{[%clk 0:18:20]} Bxe5 {[%clk 0:27:04]} 21. d4 {[%clk 0:11:30]} cxd4
{[%clk 0:25:28]} 22. Bg5 {[%clk 0:11:43]} Bxg3 {[%clk 0:20:12]} 23. fxg3
{[%clk 0:11:50]} Rae8 {[%clk 0:17:13]} 24. Rad1 {[%clk 0:04:51]} Qc6
{[%clk 0:12:10]} 25. Bg2 {[%clk 0:04:50]} Qc5 {[%clk 0:12:09]} 26. Kh2
{[%clk 0:04:47]} fxe4 {[%clk 0:07:26]} 27. Bxe4 {[%clk 0:04:00]} Bxe4
{[%clk 0:07:05]} 28. Qxe4 {[%clk 0:02:48]} Nf5 {[%clk 0:05:08]} 29. Qd5+
{[%clk 0:02:13]} Qxd5 {[%clk 0:05:30]} 30. cxd5 {[%clk 0:02:39]} Ne3
{[%clk 0:05:15]} 31. Bxe3 {[%clk 0:02:42]} Rxe3 {[%clk 0:04:12]} 32. Kg2
{[%clk 0:01:44]} Rfe8 {[%clk 0:03:50]} 33. Rxe3 {[%clk 0:01:44]} dxe3
{[%clk 0:04:10]} 34. Kf3 {[%clk 0:01:48]} e2 {[%clk 0:03:50]} 35. Re1
{[%clk 0:02:12]} Kf7 {[%clk 0:04:14]} 36. g4 {[%clk 0:02:23]} Kf6
{[%clk 0:04:30]} 37. Kf2 {[%clk 0:02:03]} Re4 {[%clk 0:04:01]} 38. h5
{[%clk 0:00:51]} gxh5 {[%clk 0:03:40]} 39. gxh5 {[%clk 0:01:15]} h6
{[%clk 0:03:48]} 40. Kf3 {[%clk 0:30:40]} Ke5 {[%clk 0:34:00]} 41. Rxe2
{[%clk 0:29:41]} Rxe2 {[%clk 0:34:25]} 42. Kxe2 {[%clk 0:30:08]} Kxd5
{[%clk 0:34:43]} 43. Kd3 {[%clk 0:30:34]} a6 {[%clk 0:34:57]} 44. a3
{[%clk 0:30:58]} bxa3 {[%clk 0:34:50]} 45. bxa3 {[%clk 0:31:23]} Kc5
{[%clk 0:33:52]} 46. Kc3 {[%clk 0:29:47]} d5 {[%clk 0:33:46]} 47. a4
{[%clk 0:30:09]} a5 {[%clk 0:31:40]} 48. Kd3 {[%clk 0:30:19]} Kb4
{[%clk 0:31:41]} 49. Kd4 {[%clk 0:30:24]} Kxa4 {[%clk 0:32:02]} 50. Kxd5
{[%clk 0:30:50]} Kb3 {[%clk 0:32:23]} 0-1

[Event "George Trundle Reserves 2016"]
[Site "Auckland"]
[Date "2016.07.14"]
[Round "6.2"]
[White "Jia, Hao"]
[Black "Song, Kate"]
[Result "1/2-1/2"]
[LiveChessVersion "1.4.8"]
[BlackElo "1695"]
[WhiteElo "1930"]

1. e4 {[%clk 1:30:54]} e6 {[%clk 1:30:55]} 2. d4 {[%clk 1:31:13]} d5
{[%clk 1:31:21]} 3. exd5 {[%clk 1:31:20]} exd5 {[%clk 1:31:45]} 4. Nf3
{[%clk 1:31:39]} Nf6 {[%clk 1:32:11]} 5. Bd3 {[%clk 1:30:26]} Be7
{[%clk 1:32:23]} 6. O-O {[%clk 1:30:29]} O-O {[%clk 1:32:43]} 7. h3
{[%clk 1:30:10]} h6 {[%clk 1:32:46]} 8. c4 {[%clk 1:29:57]} c6 {[%clk 1:32:24]}
9. Nc3 {[%clk 1:29:58]} Nbd7 {[%clk 1:32:24]} 10. Bf4 {[%clk 1:25:46]} Nb6
{[%clk 1:31:40]} 11. c5 {[%clk 1:20:44]} Nbd7 {[%clk 1:30:42]} 12. Qc2
{[%clk 1:14:43]} b6 {[%clk 1:29:59]} 13. b4 {[%clk 1:13:24]} Bb7 {[%clk 1:28:35]}
14. Rab1 {[%clk 1:09:56]} Re8 {[%clk 1:25:27]} 15. Rfe1 {[%clk 0:58:45]} Nf8
{[%clk 1:18:49]} 16. Bf5 {[%clk 0:48:33]} Bc8 {[%clk 1:18:27]} 17. b5
{[%clk 0:33:36]} Bxf5 {[%clk 1:17:30]} 18. Qxf5 {[%clk 0:33:27]} Rc8
{[%clk 1:17:06]} 19. bxc6 {[%clk 0:33:23]} Rxc6 {[%clk 1:17:00]} 20. Nb5
{[%clk 0:33:11]} Ne4 {[%clk 1:14:29]} 21. Be5 {[%clk 0:14:54]} bxc5
{[%clk 1:10:53]} 22. Nxa7 {[%clk 0:14:45]} Rb6 {[%clk 1:10:47]} 23. Nb5
{[%clk 0:07:17]} Ne6 {[%clk 1:06:28]} 24. dxc5 {[%clk 0:07:21]} Bxc5
{[%clk 1:05:29]} 25. Nfd4 {[%clk 0:05:05]} Nxd4 {[%clk 1:03:31]} 26. Bxd4
{[%clk 0:03:41]} Bxd4 {[%clk 1:03:35]} 27. Nxd4 {[%clk 0:04:02]} Rf6
{[%clk 1:03:53]} 28. Qh5 {[%clk 0:02:56]} Nxf2 {[%clk 1:02:53]} 29. Nf3
{[%clk 0:01:28]} Rxe1+ {[%clk 1:01:25]} 30. Rxe1 {[%clk 0:01:55]} Nd3
{[%clk 1:01:20]} 31. Rd1 {[%clk 0:01:31]} Qb6+ {[%clk 1:01:22]} 32. Kh2
{[%clk 0:01:59]} Nf4 {[%clk 1:00:14]} 33. Qe5 {[%clk 0:02:00]} Qa7
{[%clk 0:56:58]} 34. Rd2 {[%clk 0:02:18]} Qd7 {[%clk 0:55:58]} 35. Qb8+
{[%clk 0:01:44]} Kh7 {[%clk 0:55:16]} 36. Qb1+ {[%clk 0:01:39]} Qf5
{[%clk 0:54:59]} 37. Qxf5+ {[%clk 0:01:46]} Rxf5 {[%clk 0:55:24]} 38. Nd4
{[%clk 0:01:50]} Rf6 {[%clk 0:55:30]} 39. g3 {[%clk 0:01:23]} Ne6
{[%clk 0:55:41]} 40. Nb5 {[%clk 0:31:22]} Rf5 {[%clk 1:25:48]} 41. Nd6
{[%clk 0:31:04]} Rf6 {[%clk 1:24:40]} 42. Rxd5 {[%clk 0:28:29]} Rf2+
{[%clk 1:24:51]} 1/2-1/2

[Event "George Trundle Reserves 2016"]
[Site "Auckland"]
[Date "2016.07.14"]
[Round "6.3"]
[White "Braganza, Nadia"]
[Black "Mukkattu, Philip"]
[Result "0-1"]
[LiveChessVersion "1.4.8"]
[BlackElo "1658"]
[WhiteElo "1358"]

1. e4 {[%clk 1:30:57]} c6 {[%clk 1:28:09]} 2. d4 {[%clk 1:31:12]} d5
{[%clk 1:28:21]} 3. e5 {[%clk 1:31:00]} Bf5 {[%clk 1:27:53]} 4. Nf3
{[%clk 1:30:37]} e6 {[%clk 1:27:41]} 5. c4 {[%clk 1:28:27]} Bb4+ {[%clk 1:18:37]}
6. Nc3 {[%clk 1:28:14]} Ne7 {[%clk 1:13:33]} 7. Bd2 {[%clk 1:17:59]} c5
{[%clk 1:08:53]} 8. a3 {[%clk 1:10:33]} cxd4 {[%clk 1:05:12]} 9. axb4
{[%clk 1:07:27]} dxc3 {[%clk 1:04:11]} 10. Bxc3 {[%clk 1:06:13]} O-O
{[%clk 1:02:38]} 11. Be2 {[%clk 1:05:34]} Qc7 {[%clk 0:59:12]} 12. c5
{[%clk 0:59:22]} Nd7 {[%clk 0:56:06]} 13. O-O {[%clk 0:57:57]} Rfd8
{[%clk 0:53:04]} 14. Re1 {[%clk 0:53:34]} b6 {[%clk 0:51:26]} 15. Bd4
{[%clk 0:49:20]} Nc6 {[%clk 0:45:53]} 16. cxb6 {[%clk 0:46:52]} axb6
{[%clk 0:42:52]} 17. Rc1 {[%clk 0:42:21]} Qb7 {[%clk 0:41:27]} 18. Bc3
{[%clk 0:42:12]} Nf8 {[%clk 0:36:28]} 19. Bb5 {[%clk 0:41:20]} Bg4
{[%clk 0:32:49]} 20. h3 {[%clk 0:34:03]} Bh5 {[%clk 0:31:41]} 21. Qd3
{[%clk 0:32:27]} Ne7 {[%clk 0:26:12]} 22. Nh4 {[%clk 0:30:18]} Neg6
{[%clk 0:23:26]} 23. Qg3 {[%clk 0:25:36]} Qe7 {[%clk 0:19:19]} 24. Nf3
{[%clk 0:23:20]} Bxf3 {[%clk 0:16:34]} 25. Qxf3 {[%clk 0:23:25]} Qg5
{[%clk 0:16:21]} 26. Be2 {[%clk 0:22:08]} Nxe5 {[%clk 0:14:46]} 27. Bxe5
{[%clk 0:19:19]} Qxe5 {[%clk 0:15:13]} 28. b3 {[%clk 0:19:16]} Qd6
{[%clk 0:13:56]} 29. b5 {[%clk 0:18:19]} Rdc8 {[%clk 0:13:23]} 30. Qg4
{[%clk 0:17:33]} Rc5 {[%clk 0:12:08]} 31. Red1 {[%clk 0:15:49]} Rac8
{[%clk 0:12:02]} 32. Bc4 {[%clk 0:15:47]} Qc7 {[%clk 0:11:37]} 33. Rd3
{[%clk 0:14:48]} dxc4 {[%clk 0:11:16]} 34. Rg3 {[%clk 0:14:26]} g6
{[%clk 0:11:00]} 35. Rgc3 {[%clk 0:12:18]} cxb3 {[%clk 0:10:35]} 36. Rxc5
{[%clk 0:12:16]} bxc5 {[%clk 0:10:57]} 37. Rb1 {[%clk 0:12:27]} c4
{[%clk 0:11:02]} 38. Qd4 {[%clk 0:12:24]} c3 {[%clk 0:09:39]} 39. b6
{[%clk 0:12:34]} c2 {[%clk 0:08:36]} 40. bxc7 {[%clk 0:42:28]} cxb1=Q+ 41. Kh2
Qc2 {[%clk 0:37:57]} 42. Qb6 {[%clk 0:42:32]} Qxc7+ {[%clk 0:38:10]} 43. Qxc7
{[%clk 0:42:49]} Rxc7 {[%clk 0:38:37]} 44. h4 {[%clk 0:43:12]} b2
{[%clk 0:38:50]} 45. g3 {[%clk 0:43:32]} b1=Q 46. Kg2 h5 {[%clk 0:38:17]} 47. Kh2
{[%clk 0:43:41]} Qf1 {[%clk 0:38:02]} 48. g4 {[%clk 0:43:51]} Qxf2+
{[%clk 0:37:42]} 49. Kh3 {[%clk 0:44:02]} Rc3# {[%clk 0:37:48]} 0-1

[Event "George Trundle Reserves 2016"]
[Site "Auckland"]
[Date "2016.07.14"]
[Round "6.4"]
[White "Eade, Don"]
[Black "Punsalan, Vyanla M"]
[Result "1-0"]
[LiveChessVersion "1.4.8"]
[BlackElo "1649"]
[WhiteElo "1837"]

1. c4 {[%clk 1:28:48]} c5 {[%clk 1:30:27]} 2. Nc3 {[%clk 1:29:09]} Nf6
{[%clk 1:30:45]} 3. g3 {[%clk 1:29:29]} g6 {[%clk 1:30:54]} 4. Bg2 Nc6
{[%clk 1:31:06]} 5. Nf3 {[%clk 1:29:40]} Bg7 {[%clk 1:31:04]} 6. O-O
{[%clk 1:30:00]} O-O {[%clk 1:31:07]} 7. b3 {[%clk 1:30:15]} b6 {[%clk 1:30:59]}
8. Bb2 {[%clk 1:30:34]} Bb7 {[%clk 1:31:16]} 9. d4 {[%clk 1:29:56]} cxd4
{[%clk 1:30:26]} 10. Nxd4 {[%clk 1:29:54]} Rc8 {[%clk 1:30:18]} 11. e3
{[%clk 1:28:37]} d6 {[%clk 1:27:03]} 12. Qd2 {[%clk 1:27:09]} Qd7
{[%clk 1:26:46]} 13. Rad1 {[%clk 1:27:10]} Rfd8 {[%clk 1:25:48]} 14. f4
{[%clk 1:24:51]} Nxd4 {[%clk 1:23:35]} 15. Qxd4 {[%clk 1:19:49]} Bxg2
{[%clk 1:20:17]} 16. Kxg2 {[%clk 1:18:34]} Qc6+ {[%clk 1:18:43]} 17. Kg1
{[%clk 1:16:59]} d5 {[%clk 1:17:23]} 18. Nxd5 {[%clk 1:14:51]} Kf8
{[%clk 1:15:42]} 19. Qc3 {[%clk 1:03:30]} b5 {[%clk 1:13:36]} 20. Qb4
{[%clk 0:49:56]} Nxd5 {[%clk 1:11:13]} 21. cxd5 {[%clk 0:44:01]} Rxd5
{[%clk 1:10:39]} 22. Rc1 {[%clk 0:41:10]} Rc5 {[%clk 1:09:40]} 23. Ba3
{[%clk 0:38:30]} Rxc1 {[%clk 1:03:19]} 24. Rxc1 {[%clk 0:36:24]} Bc3
{[%clk 0:59:59]} 25. Qxe7+ {[%clk 0:35:31]} Kg8 {[%clk 1:00:09]} 26. Bb4
{[%clk 0:31:39]} Qd5 {[%clk 0:59:56]} 27. Rxc3 {[%clk 0:29:18]} Qd1+
{[%clk 0:59:07]} 28. Kg2 {[%clk 0:27:49]} Qe2+ {[%clk 0:57:46]} 29. Kh3
{[%clk 0:27:32]} Ra8 {[%clk 0:56:39]} 30. Rc7 {[%clk 0:25:36]} Qh5+
{[%clk 0:56:45]} 31. Qh4 {[%clk 0:25:52]} Qf3 {[%clk 0:56:39]} 32. Qg4
{[%clk 0:21:36]} Qf1+ {[%clk 0:56:15]} 33. Kh4 {[%clk 0:21:58]} f5
{[%clk 0:56:03]} 34. Qg5 {[%clk 0:22:06]} Qf3 {[%clk 0:56:01]} 35. Bc3
{[%clk 0:21:39]} Qg4+ {[%clk 0:55:05]} 36. Qxg4 {[%clk 0:22:00]} fxg4
{[%clk 0:55:29]} 37. Rg7+ {[%clk 0:22:07]} Kf8 {[%clk 0:55:46]} 38. Rxh7
{[%clk 0:22:27]} Re8 {[%clk 0:56:01]} 39. Rh8+ {[%clk 0:22:11]} Kf7
{[%clk 0:56:16]} 40. Rxe8 {[%clk 0:52:35]} Kxe8 {[%clk 1:26:39]} 41. Kg5
{[%clk 0:52:35]} Kf7 {[%clk 1:27:00]} 42. Kxg4 {[%clk 0:52:47]} Kg8
{[%clk 1:27:16]} 43. Kg5 {[%clk 0:53:07]} a5 {[%clk 1:27:41]} 44. Kxg6
{[%clk 0:53:12]} b4 {[%clk 1:27:57]} 45. Bd4 {[%clk 0:53:21]} a4 {[%clk 1:28:15]}
46. h4 {[%clk 0:53:32]} axb3 {[%clk 1:28:38]} 47. axb3 {[%clk 0:53:54]} Kf8
{[%clk 1:28:54]} 48. h5 {[%clk 0:54:18]} Ke7 {[%clk 1:29:15]} 49. h6
{[%clk 0:54:32]} Ke6 {[%clk 1:29:37]} 50. e4 {[%clk 0:54:45]} Kd7
{[%clk 1:30:02]} 51. h7 {[%clk 0:55:10]} Kc6 {[%clk 1:30:26]} 52. h8=Q
{[%clk 0:55:15]} Kb7 {[%clk 1:30:43]} 53. Qd8 {[%clk 0:55:22]} Kc6
{[%clk 1:31:06]} 54. Qd5+ {[%clk 0:55:30]} Kc7 {[%clk 1:31:30]} 55. Qe6
{[%clk 0:55:34]} Kb7 {[%clk 1:31:36]} 56. Qd7+ {[%clk 0:55:18]} Kb8
{[%clk 1:31:40]} 57. Be5+ {[%clk 0:55:10]} Ka8 {[%clk 1:31:57]} 58. Qc8+
{[%clk 0:54:41]} Ka7 {[%clk 1:32:20]} 59. Qb8+ {[%clk 0:55:06]} Ka6
{[%clk 1:32:39]} 60. Bd4 {[%clk 0:55:03]} Ka5 {[%clk 1:33:03]} 61. Qa7+
{[%clk 0:55:15]} Kb5 {[%clk 1:33:21]} 62. Qb6# 1-0

[Event "George Trundle Reserves 2016"]
[Site "Auckland"]
[Date "2016.07.14"]
[Round "6.5"]
[White "Lyall, Simon"]
[Black "Taylor, Richard"]
[Result "1-0"]
[LiveChessVersion "1.4.8"]
[BlackElo "1866"]
[WhiteElo "1762"]

1. e4 {[%clk 1:30:57]} c5 {[%clk 1:30:48]} 2. c3 {[%clk 1:31:22]} d5
{[%clk 1:31:02]} 3. exd5 {[%clk 1:31:43]} Qxd5 {[%clk 1:31:30]} 4. d4
{[%clk 1:31:43]} Nf6 {[%clk 1:31:24]} 5. Nf3 {[%clk 1:31:41]} Nc6
{[%clk 1:30:55]} 6. Na3 {[%clk 1:30:55]} Bf5 {[%clk 1:28:29]} 7. Bc4
{[%clk 1:27:26]} Qe4+ {[%clk 1:24:44]} 8. Be3 {[%clk 1:26:05]} e6
{[%clk 1:23:19]} 9. O-O {[%clk 1:24:55]} cxd4 {[%clk 1:19:34]} 10. cxd4
{[%clk 1:17:39]} Bxa3 {[%clk 1:13:30]} 11. bxa3 {[%clk 1:14:56]} O-O
{[%clk 1:12:54]} 12. Rc1 {[%clk 1:10:37]} h6 {[%clk 1:00:06]} 13. Re1
{[%clk 1:07:34]} Qg4 {[%clk 0:53:15]} 14. h3 {[%clk 0:57:05]} Qg6
{[%clk 0:48:55]} 15. Nh4 {[%clk 0:50:42]} Qh7 {[%clk 0:48:52]} 16. g4
{[%clk 0:45:14]} Be4 {[%clk 0:46:53]} 17. f3 {[%clk 0:43:24]} Bd5
{[%clk 0:46:42]} 18. Bd3 {[%clk 0:41:26]} g6 {[%clk 0:46:39]} 19. Qd2
{[%clk 0:38:31]} Rfe8 {[%clk 0:41:42]} 20. Bxh6 {[%clk 0:34:46]} Kh8
{[%clk 0:29:34]} 21. Bg5 {[%clk 0:11:12]} Nd7 {[%clk 0:26:52]} 22. Qf4
{[%clk 0:06:30]} Kg8 {[%clk 0:25:33]} 23. Qc7 {[%clk 0:06:06]} Nb6
{[%clk 0:25:36]} 24. Qh2 {[%clk 0:04:34]} Qg7 {[%clk 0:24:41]} 25. Be3
{[%clk 0:02:20]} g5 {[%clk 0:23:34]} 26. Qf2 {[%clk 0:00:41]} gxh4
{[%clk 0:21:23]} 27. Rxc6 {[%clk 0:00:49]} Bxc6 {[%clk 0:21:18]} 28. Qxh4
{[%clk 0:01:17]} Bxf3 {[%clk 0:20:58]} 29. Kh2 {[%clk 0:00:44]} f5
{[%clk 0:18:40]} 30. Rg1 {[%clk 0:00:47]} Qc7+ {[%clk 0:15:40]} 31. Rg3
{[%clk 0:01:06]} Re7 {[%clk 0:14:43]} 32. gxf5+ {[%clk 0:01:21]} Rg7
{[%clk 0:15:12]} 33. Bf4 {[%clk 0:01:35]} Qd7 {[%clk 0:14:00]} 34. f6
{[%clk 0:01:42]} Rxg3 {[%clk 0:13:10]} 35. Qxg3+ {[%clk 0:02:03]} Kh8
{[%clk 0:13:34]} 36. Qh4+ {[%clk 0:01:41]} Kg8 {[%clk 0:13:50]} 37. Qg5+
{[%clk 0:01:57]} Kh8 {[%clk 0:13:55]} 38. Qh6+ {[%clk 0:01:55]} Kg8
{[%clk 0:14:19]} 39. Qg6+ {[%clk 0:02:05]} Kh8 {[%clk 0:14:39]} 40. f7 1-0